000 01629nam0a2200385 i 4500
001 RU\NLR\bibl\1968589
005 20260405174327.0
010 _a9785222198827
_93000
021 _aRU
_b2012-82383
_96096
035 _a(nilc)RSL-KNO-005515925
035 _a(NLR Aleph) 001957468
090 _a3779365
_c3779365
100 _a20111017d2012 u y0rusy50 ca
101 0 _arus
102 _aRU
105 _ay zzzz|||||
200 1 _aВсе правила русского языка
_e[справочник]
_fГайбарян О. Е., Кузнецова А. В.
205 _aИзд. 18-е
210 _aРостов-на-Дону
_cФеникс
_d2012
215 _a253 с.
_cтабл.
_d21
225 1 _aСерия "Здравствуй, школа!"
300 _aНа обл. авт. не указаны
606 1 _aРусский язык
_jУчебные издания для средней школы
_xОрфография
_91542748
_3RU\NLR\auth\66973961
606 1 _aРусский язык
_jУчебные издания для средней школы
_xПунктуация
_91553672
_3RU\NLR\auth\66979547
686 _aШ141.2-932.81я2
_2rubbk
686 _aШ141.12-922-81
686 _aШ141.12-922-227
700 1 _aГайбарян
_bО. Е.
_gОльга Ервандовна
_4070
701 1 _4070
_8rus
_7ca
_aКузнецова
_bА. В.
_cфилолог
_gАлександра Владимировна
_3RU\NLR\auth\7775585
_958513
801 0 _aRU
_bRuMoRKP
_c20111017
_grcr
801 1 _aRU
_bРГБ
_c20111017
801 2 _aRU
_bNLR
_c20121119
_grcr
942 _cBOOK
980 _aNBR